हिंदी की सौ श्रेष्ठ पुस्तकें / (Record no. 119496)
[ view plain ]
| 000 -LEADER | |
|---|---|
| fixed length control field | 00989nam a22002537a 4500 |
| 003 - CONTROL NUMBER IDENTIFIER | |
| control field | dpl |
| 005 - DATE AND TIME OF LATEST TRANSACTION | |
| control field | 20201229120538.0 |
| 008 - FIXED-LENGTH DATA ELEMENTS--GENERAL INFORMATION | |
| fixed length control field | 201229b ||||| |||| 00| 0 hin d |
| 010 ## - LIBRARY OF CONGRESS CONTROL NUMBER | |
| LC control number | A-909593 |
| 020 ## - INTERNATIONAL STANDARD BOOK NUMBER | |
| Terms of availability | 00.00 |
| 035 ## - SYSTEM CONTROL NUMBER | |
| System control number | A-909593 |
| 037 ## - SOURCE OF ACQUISITION | |
| Source of stock number/acquisition | Cen Lib/Ret |
| 040 ## - CATALOGING SOURCE | |
| Original cataloging agency | DPL |
| Language of cataloging | HN |
| Transcribing agency | डीडीसी |
| 082 ## - DEWEY DECIMAL CLASSIFICATION NUMBER | |
| Classification number | 820 |
| Item number | जयप्र |
| 100 ## - MAIN ENTRY--PERSONAL NAME | |
| Personal name | जयप्रकाश |
| 9 (RLIN) | 85248 |
| 245 ## - TITLE STATEMENT | |
| Title | हिंदी की सौ श्रेष्ठ पुस्तकें / |
| Statement of responsibility, etc | जयप्रकाश |
| 246 ## - VARYING FORM OF TITLE | |
| Title proper/short title | Hindi ki sou shreshth pustaken |
| Remainder of title | by Jaindra |
| 300 ## - PHYSICAL DESCRIPTION | |
| Extent | 354पृष्ठ. |
| Dimensions | 20सेमी(सजिल्द) |
| 650 ## - SUBJECT ADDED ENTRY--TOPICAL TERM | |
| Topical term or geographic name as entry element | हिंदी साहित्य |
| 9 (RLIN) | 85249 |
| 650 ## - SUBJECT ADDED ENTRY--TOPICAL TERM | |
| Topical term or geographic name as entry element | हिंदी की सौ श्रेष्ठ पुस्तक - समीक्षा |
| 9 (RLIN) | 85250 |
| 650 ## - SUBJECT ADDED ENTRY--TOPICAL TERM | |
| Topical term or geographic name as entry element | hindi literature |
| 9 (RLIN) | 85251 |
| 650 ## - SUBJECT ADDED ENTRY--TOPICAL TERM | |
| Topical term or geographic name as entry element | Hundred of Hindi book - Review |
| 9 (RLIN) | 85252 |
| 942 ## - ADDED ENTRY ELEMENTS (KOHA) | |
| Source of classification or shelving scheme | Dewey Decimal Classification |
| Koha item type | Hindi Books |
| Classification part | 820 |
| Call number suffix | जयन्द्र |
| Withdrawn status | Lost status | Source of classification or shelving scheme | Damaged status | Not for loan | Collection code | Home library | Current library | Date acquired | Source of acquisition | Cost, normal purchase price | Total Checkouts | Full call number | Barcode | Date last seen | Date checked out | Copy number | Cost, replacement price | Price effective from | Koha item type |
|---|---|---|---|---|---|---|---|---|---|---|---|---|---|---|---|---|---|---|---|
| Dewey Decimal Classification | Non-fiction | Central Library | Central Library | 17/09/2015 | बीपीपीडी | 0.00 | 1 | 820-जयप्र | A-909593 | 28/11/2022 | 25/11/2022 | 1 | 0.00 | 17/09/2015 | Hindi Books |
